00999nac a22002891u 4500020002000000020001900020082001900039090001500058100003400073245006500107260003600172300004300208440002100251500005600272500001900328650003800347650003200385650001500417650001200432650003300444650001500477700002100492700002100513942002200534999001500556952013800571 a0756610575 (US) a1405302593(UK) a658.406bP4811 c2717d2717 aPeters, Thomas J.  aTom Peters essentials trends /cTom Peters & Martha Barletta aNew York:bDK Pub. ,2005.c2005 a160p. :bill. (chiefly col.) ;c20 cm. aEssential series a"The essential series is adapted from re-imagine !" aIncludes index aOrganizational changexManagement aRee-engineeringxManagement aLeadership aAbility aOrganizational effectiveness aManagement aPeters,Thomas J. aBarletta, Martha cBBk658.406 P4811 c2717d2717 00102ddc4070aMAINbMAINc1STd2007-04-16ePurchaseg88.00l3o658.406 PETp000001759r2025-07-15 00:00:00s2019-03-06v110.00yBB